| 000 | 00798nam a2200253 a 4500 | ||
|---|---|---|---|
| 005 | 20240925065148.0 | ||
| 008 | 030227s1978 es r 000 0 spa d | ||
| 020 | _a847030030X | ||
| 035 | _aUPN01000122221 | ||
| 049 | _aCG | ||
| 050 | 4 |
_aHM251 _bK7.68 1978 |
|
| 100 | 1 | _aKrech, David | |
| 245 | 1 | 0 |
_aPsicología social / _cDavid Krech, Richard S. Crutchfield, Egerton L. Ballachey ; tr. Alfonso Alvarez Villar. |
| 250 | _a3a ed. | ||
| 260 |
_aMadrid : _bBiblioteca Nueva, _c1978. |
||
| 300 | _a596 p. | ||
| 440 | 0 |
_aTextos y temas psicológicos ; _v9 |
|
| 534 |
_pTraducción de: _tSocial psychology |
||
| 650 | 4 |
_aPsicología social _95889 |
|
| 650 | 4 |
_aConducta de vida _94416 |
|
| 700 | 1 |
_aCrutchfield, Richard S. _ecoaut. |
|
| 700 | 1 |
_aBallachey, Egerton L., _ecoaut. |
|
| 905 | _aLibro | ||
| 999 |
_c94418 _d94418 |
||